| 000 | 00353nam a22001457a 4500 | ||
|---|---|---|---|
| 008 | 250220b |||||||| |||| 00| 0 eng d | ||
| 020 | _a13: 9780471676263 | ||
| 050 |
_aHD2363 _b.B73 |
||
| 100 | _aBRAGG, M. Steven | ||
| 245 | _aOutsourcing | ||
| 250 | _a2nd | ||
| 260 |
_aNew Jersey _bJohn Wiley & Sons Inc. _c2006 |
||
| 300 | _axvi, 283p. | ||
| 942 | _cBK | ||
| 999 |
_c1990 _d1990 |
||